[Event "Deutsche Ländermeisterschaft 2022"]
[Site "Wiesbaden GER"]
[Date "2022.10.01"]
[Round "1"]
[White "Voigt, Anastasia"]
[Black "Rudolph, Eva"]
[Result "1-0"]
[Termination "normal"]
[Board "3.5"]
[WhiteElo "1772"]
[BlackElo "1911"]
[WhiteClock "00:41:47"]
[BlackClock "00:01:01"]
[WhiteTeam "Sachsen-Anhalt"]
[BlackTeam "Nordrhein-Westfalen"]
[PlyCount "109"]
[WhiteFideId "16235223"]
[BlackFideId "16200594"]
[EventCountry "GER"]
[EventRounds "7"]
[EventType "team-swiss"]
[EventDate "2022.09.30"]

1. e4 {[%clk 01:30:59]} {[%emt 00:14:28]} c5 {[%clk 01:30:55]} {[%emt
00:00:06]} 2. Nf3 {[%clk 01:31:25]} {[%emt 00:00:04]} e6 {[%clk 01:31:18]}
{[%emt 00:00:07]} 3. d4 {[%clk 01:31:47]} {[%emt 00:00:08]} cxd4 {[%clk
01:31:43]} {[%emt 00:00:05]} 4. Nxd4 {[%clk 01:32:13]} {[%emt 00:00:04]} a6
{[%clk 01:32:06]} {[%emt 00:00:07]} 5. c4 {[%clk 01:32:37]} {[%emt 00:00:05]}
Nf6 {[%clk 01:29:18]} {[%emt 00:03:18]} 6. Nc3 {[%clk 01:33:00]} {[%emt
00:00:07]} Qc7 {[%clk 01:29:06]} {[%emt 00:00:42]} 7. a3 {[%clk 01:33:23]}
{[%emt 00:00:07]} Nc6 {[%clk 01:25:10]} {[%emt 00:04:26]} 8. Be3 {[%clk
01:31:49]} {[%emt 00:02:04]} Be7 {[%clk 01:19:30]} {[%emt 00:06:10]} 9. Be2
{[%clk 01:30:35]} {[%emt 00:01:43]} O-O {[%clk 01:15:24]} {[%emt 00:04:36]} 10.
O-O {[%clk 01:29:59]} {[%emt 00:01:07]} Rd8 {[%clk 01:08:21]} {[%emt 00:07:33]}
11. Qb3 {[%clk 01:25:37]} {[%emt 00:04:53]} d6 {[%clk 01:01:11]} {[%emt
00:07:40]} 12. Rfd1 {[%clk 01:24:22]} {[%emt 00:01:43]} Nd7 {[%clk 00:59:34]}
{[%emt 00:02:07]} 13. Rac1 {[%clk 01:21:27]} {[%emt 00:03:25]} b6 {[%clk
00:47:52]} {[%emt 00:12:13]} 14. Qa2 {[%emt 00:07:42]} Nxd4 {[%clk 00:42:09]}
{[%emt 00:02:13]} 15. Bxd4 {[%clk 01:17:28]} Bb7 {[%clk 00:42:09]} 16. f3
{[%clk 01:17:28]} Rac8 {[%clk 00:42:09]} 17. Be3 {[%emt 00:08:34]} Bf6 {[%clk
00:35:55]} {[%emt 00:03:50]} 18. b4 {[%clk 01:05:14]} {[%emt 00:11:06]} Ne5 19.
Na4 {[%emt 00:10:08]} Nd7 {[%emt 00:01:59]} 20. Qd2 {[%clk 01:00:20]} {[%emt
00:01:08]} Be7 21. Qd4 {[%emt 00:07:29]} e5 {[%emt 00:00:25]} 22. Qd2 {[%emt
00:01:25]} Bc6 {[%emt 00:01:41]} 23. Nc3 {[%clk 00:59:18]} {[%emt 00:00:08]}
Qb8 {[%clk 00:18:14]} {[%emt 00:03:59]} 24. Nd5 {[%clk 00:55:50]} Bxd5 {[%emt
00:07:56]} 25. cxd5 {[%emt 00:01:59]} Qb7 {[%emt 00:04:01]} 26. a4 {[%emt
00:01:23]} Rf8 {[%emt 00:02:28]} 27. Rxc8 {[%clk 00:50:23]} {[%emt 00:00:52]}
Rxc8 {[%clk 00:12:17]} {[%emt 00:00:12]} 28. Rc1 {[%emt 00:01:24]} Kf8 {[%clk
00:08:53]} {[%emt 00:02:52]} 29. Rc2 {[%clk 00:46:56]} {[%emt 00:04:04]} Bd8
{[%clk 00:07:08]} {[%emt 00:02:16]} 30. Qc1 {[%clk 00:46:17]} {[%emt 00:01:08]}
Rxc2 {[%clk 00:07:28]} {[%emt 00:00:11]} 31. Qxc2 {[%clk 00:46:43]} {[%emt
00:00:04]} a5 {[%clk 00:06:44]} {[%emt 00:01:14]} 32. Qc6 {[%clk 00:46:04]}
{[%emt 00:01:08]} Qc7 {[%clk 00:06:30]} {[%emt 00:00:44]} 33. Bb5 {[%clk
00:40:31]} {[%emt 00:06:03]} Ke7 {[%clk 00:06:11]} {[%emt 00:00:49]} 34. Qxc7
{[%clk 00:34:57]} {[%emt 00:06:04]} Bxc7 {[%clk 00:06:38]} {[%emt 00:00:03]}
35. Bxd7 {[%clk 00:35:19]} {[%emt 00:00:07]} Kxd7 {[%clk 00:06:56]} {[%emt
00:00:13]} 36. b5 {[%clk 00:35:37]} {[%emt 00:00:11]} Ke7 {[%clk 00:04:53]}
{[%emt 00:02:34]} 37. Kf2 {[%clk 00:35:58]} {[%emt 00:00:09]} f6 {[%clk
00:03:29]} {[%emt 00:01:54]} 38. Kg3 {[%clk 00:36:11]} {[%emt 00:00:17]} Kf7
{[%clk 00:03:20]} {[%emt 00:00:39]} 39. Kg4 {[%clk 00:34:57]} {[%emt 00:01:43]}
Bd8 {[%clk 00:02:34]} {[%emt 00:01:16]} 40. h4 {[%clk 00:34:50]} {[%emt
00:00:37]} g6 {[%clk 00:01:42]} {[%emt 00:01:23]} 41. f4 {[%clk 00:32:54]} Kg7
{[%clk 00:01:42]} 42. Kf3 h6 {[%clk 00:01:42]} 43. h5 {[%clk 00:32:54]} g5
{[%clk 00:01:42]} 44. g3 {[%clk 00:32:54]} Kf7 {[%clk 00:01:42]} 45. Kg4 {[%clk
00:32:54]} Kg7 {[%clk 00:01:42]} 46. Kf5 {[%clk 00:32:54]} Kf7 {[%clk
00:01:42]} 47. fxg5 {[%clk 00:32:54]} fxg5 {[%clk 00:01:42]} 48. g4 {[%clk
00:32:54]} Bc7 {[%clk 00:01:42]} 49. Bxg5 {[%clk 00:32:54]} hxg5 {[%clk
00:01:42]} 50. Kxg5 {[%clk 00:32:54]} Bd8+ {[%clk 00:04:17]} {[%emt 00:54:38]}
51. Kf5 {[%clk 00:45:36]} {[%emt 00:02:31]} Bh4 {[%clk 00:02:00]} {[%emt
00:02:47]} 52. g5 {[%clk 00:45:30]} {[%emt 00:00:35]} Bf2 {[%clk 00:01:29]}
{[%emt 00:01:01]} 53. h6 {[%clk 00:43:53]} {[%emt 00:02:06]} Be3 {[%clk
00:00:59]} {[%emt 00:01:01]} 54. g6+ {[%clk 00:43:15]} {[%emt 00:01:09]} Kg8
{[%clk 00:01:01]} {[%emt 00:00:28]} 55. h7+ {[%clk 00:41:47]} {[%emt 00:01:57]}
1-0

[Event "Deutsche Ländermeisterschaft 2022"]
[Site "Wiesbaden GER"]
[Date "2022.10.01"]
[Round "1"]
[White "Möller, Maurin"]
[Black "Pohle, Saskia"]
[Result "1-0"]
[Termination "normal"]
[Board "3.6"]
[WhiteElo "1936"]
[BlackElo "1756"]
[WhiteClock "00:02:28"]
[BlackClock "00:07:06"]
[WhiteTeam "Nordrhein-Westfalen"]
[BlackTeam "Sachsen-Anhalt"]
[PlyCount "53"]
[WhiteFideId "16265696"]
[BlackFideId "16201604"]
[EventCountry "GER"]
[EventRounds "7"]
[EventType "team-swiss"]
[EventDate "2022.09.30"]

1. e4 {[%clk 01:30:57]} {[%emt 00:00:02]} e5 {[%clk 01:30:56]} {[%emt
00:00:04]} 2. Nf3 {[%clk 01:31:21]} {[%emt 00:00:06]} Nc6 {[%clk 01:31:23]}
{[%emt 00:00:04]} 3. Bc4 {[%clk 01:31:40]} {[%emt 00:00:10]} Nf6 {[%clk
01:31:48]} {[%emt 00:00:04]} 4. d4 {[%clk 01:31:54]} {[%emt 00:00:16]} exd4
{[%clk 01:32:14]} {[%emt 00:00:05]} 5. e5 {[%clk 01:32:05]} {[%emt 00:00:20]}
d5 {[%clk 01:32:40]} {[%emt 00:00:04]} 6. Bb5 {[%clk 01:32:22]} {[%emt
00:00:13]} Nd7 {[%clk 01:33:03]} {[%emt 00:00:07]} 7. O-O {[%clk 01:22:03]}
{[%emt 00:10:48]} Be7 {[%clk 01:33:28]} {[%emt 00:00:05]} 8. Re1 {[%clk
01:12:55]} {[%emt 00:09:38]} O-O {[%clk 01:28:55]} {[%emt 00:05:03]} 9. Bxc6
{[%clk 01:00:32]} {[%emt 00:12:52]} bxc6 {[%clk 01:29:17]} {[%emt 00:00:09]}
10. Nxd4 {[%clk 01:00:43]} {[%emt 00:00:20]} Nb8 {[%clk 01:27:02]} {[%emt
00:02:45]} 11. f4 {[%clk 00:41:30]} {[%emt 00:19:43]} c5 {[%clk 01:20:20]}
{[%emt 00:07:13]} 12. Nb3 {[%clk 00:34:06]} {[%emt 00:07:54]} d4 {[%clk
01:13:14]} {[%emt 00:07:36]} 13. Qf3 {[%clk 00:32:49]} {[%emt 00:01:47]} c6
{[%clk 01:13:03]} {[%emt 00:00:41]} 14. N1d2 {[%clk 00:28:17]} {[%emt
00:05:02]} a5 {[%clk 01:05:25]} {[%emt 00:08:08]} 15. a4 {[%clk 00:25:51]}
{[%emt 00:02:56]} Ba6 {[%clk 00:55:36]} {[%emt 00:10:19]} 16. Ne4 {[%clk
00:24:26]} {[%emt 00:01:55]} c4 {[%clk 00:53:32]} {[%emt 00:02:34]} 17. Nbd2
{[%clk 00:24:36]} {[%emt 00:00:21]} Qd5 {[%clk 00:50:58]} {[%emt 00:03:03]} 18.
Qh5 {[%clk 00:17:32]} {[%emt 00:07:34]} Nd7 {[%clk 00:39:58]} {[%emt 00:11:30]}
19. Nf3 {[%clk 00:15:03]} {[%emt 00:02:59]} Nc5 {[%clk 00:33:35]} {[%emt
00:06:53]} 20. Ng3 {[%clk 00:13:11]} {[%emt 00:02:22]} Rfe8 {[%clk 00:29:19]}
{[%emt 00:04:47]} 21. f5 {[%clk 00:13:00]} {[%emt 00:00:41]} Bf8 {[%clk
00:28:01]} {[%emt 00:01:49]} 22. f6 {[%clk 00:11:18]} {[%emt 00:02:12]} Ne6
{[%clk 00:22:24]} {[%emt 00:06:06]} 23. Nf5 {[%clk 00:10:26]} {[%emt 00:01:22]}
Ra7 {[%clk 00:12:58]} {[%emt 00:09:56]} 24. Qg4 {[%clk 00:02:47]} {[%emt
00:08:09]} Bc8 {[%clk 00:10:12]} {[%emt 00:03:16]} 25. Bh6 {[%clk 00:01:58]}
{[%emt 00:01:19]} g6 {[%clk 00:07:30]} {[%emt 00:03:13]} 26. Bxf8 {[%clk
00:02:13]} {[%emt 00:00:15]} Nxf8 {[%clk 00:07:06]} {[%emt 00:00:54]} 27. Qg5
{[%clk 00:02:28]} {[%emt 00:00:15]} 1-0

[Event "Deutsche Ländermeisterschaft 2022"]
[Site "Wiesbaden GER"]
[Date "2022.10.01"]
[Round "1"]
[White "Burlutskaia, Maria"]
[Black "Rössling, Laura Marie"]
[Result "1-0"]
[Termination "normal"]
[Board "3.8"]
[WhiteElo "1468"]
[BlackElo "1418"]
[WhiteClock "00:20:30"]
[BlackClock "00:12:44"]
[WhiteTeam "Nordrhein-Westfalen"]
[BlackTeam "Sachsen-Anhalt"]
[PlyCount "141"]
[WhiteFideId "34607137"]
[BlackFideId "16289471"]
[EventCountry "GER"]
[EventRounds "7"]
[EventType "team-swiss"]
[EventDate "2022.09.30"]

1. e4 {[%clk 01:30:57]} {[%emt 00:00:01]} e5 {[%clk 01:30:59]} {[%emt
00:00:02]} 2. Nf3 {[%clk 01:31:18]} {[%emt 00:00:08]} Nc6 {[%clk 01:31:16]}
{[%emt 00:00:13]} 3. d4 {[%clk 01:31:28]} {[%emt 00:00:20]} exd4 {[%clk
01:30:45]} {[%emt 00:01:01]} 4. Bc4 {[%clk 01:31:42]} {[%emt 00:00:15]} Nf6
{[%clk 01:22:01]} {[%emt 00:09:14]} 5. O-O {[%clk 01:31:59]} {[%emt 00:00:13]}
Bc5 {[%clk 01:21:51]} {[%emt 00:00:41]} 6. e5 {[%clk 01:25:51]} {[%emt
00:06:38]} Ne4 {[%clk 01:18:23]} {[%emt 00:03:57]} 7. Bd5 {[%clk 01:26:01]}
{[%emt 00:00:20]} f5 {[%clk 01:16:32]} {[%emt 00:02:22]} 8. exf6 {[%clk
01:19:21]} {[%emt 00:07:09]} Nxf6 {[%clk 01:15:49]} {[%emt 00:01:13]} 9. Bg5
{[%clk 01:19:42]} {[%emt 00:00:07]} Be7 {[%clk 01:12:15]} {[%emt 00:04:06]} 10.
Bc4 {[%clk 01:16:36]} {[%emt 00:03:35]} d5 {[%clk 01:11:34]} {[%emt 00:01:13]}
11. Bd3 {[%clk 01:06:43]} {[%emt 00:10:22]} O-O {[%clk 01:10:09]} {[%emt
00:01:54]} 12. h3 {[%clk 01:04:28]} {[%emt 00:02:45]} Ne4 {[%clk 01:09:01]}
{[%emt 00:01:39]} 13. Bxe7 {[%clk 01:03:18]} {[%emt 00:01:40]} Qxe7 {[%clk
01:09:01]} {[%emt 00:00:29]} 14. Re1 {[%clk 01:03:28]} {[%emt 00:00:19]} Bf5
{[%clk 01:08:17]} {[%emt 00:01:16]} 15. c3 {[%clk 01:00:52]} {[%emt 00:03:06]}
dxc3 {[%clk 01:07:50]} {[%emt 00:00:57]} 16. Nxc3 {[%clk 01:01:06]} {[%emt
00:00:16]} Rad8 {[%clk 01:06:43]} {[%emt 00:01:37]} 17. Nxd5 {[%clk 00:49:36]}
{[%emt 00:11:59]} Qf7 {[%clk 01:02:14]} {[%emt 00:05:01]} 18. Bc4 {[%clk
00:48:35]} {[%emt 00:01:30]} Be6 {[%clk 01:00:28]} {[%emt 00:02:16]} 19. Rxe4
{[%clk 00:42:27]} {[%emt 00:06:38]} Bxd5 {[%clk 01:00:24]} {[%emt 00:00:34]}
20. Bxd5 {[%clk 00:40:43]} {[%emt 00:02:14]} Rxd5 {[%clk 01:00:31]} {[%emt
00:00:23]} 21. Qe2 {[%clk 00:40:46]} {[%emt 00:00:27]} Rd6 {[%clk 01:00:11]}
{[%emt 00:00:51]} 22. Re1 {[%clk 00:39:57]} {[%emt 00:01:19]} h6 {[%clk
00:59:11]} {[%emt 00:01:30]} 23. a3 {[%clk 00:39:25]} {[%emt 00:01:02]} Rg6
{[%clk 00:59:12]} {[%emt 00:00:28]} 24. Kh2 {[%clk 00:39:41]} {[%emt 00:00:13]}
Qd7 {[%clk 00:57:38]} {[%emt 00:02:05]} 25. b4 {[%clk 00:37:44]} {[%emt
00:02:27]} Qd6+ {[%clk 00:57:23]} {[%emt 00:00:45]} 26. Kh1 {[%clk 00:37:41]}
{[%emt 00:00:32]} Qd7 {[%clk 00:44:31]} {[%emt 00:13:22]} 27. b5 {[%clk
00:34:44]} {[%emt 00:03:26]} Na5 {[%clk 00:42:50]} {[%emt 00:02:12]} 28. Ne5
{[%clk 00:34:12]} {[%emt 00:01:02]} Qf5 {[%clk 00:36:58]} {[%emt 00:06:21]} 29.
Nxg6 {[%clk 00:34:01]} {[%emt 00:00:41]} Qxg6 {[%clk 00:37:09]} {[%emt
00:00:19]} 30. Rg4 {[%clk 00:32:20]} {[%emt 00:02:11]} Qd6 {[%clk 00:36:26]}
{[%emt 00:01:14]} 31. Qb2 {[%clk 00:31:45]} {[%emt 00:01:05]} Rf6 {[%clk
00:27:10]} {[%emt 00:09:46]} 32. Re3 {[%clk 00:28:13]} {[%emt 00:04:00]} Kh7
{[%clk 00:25:21]} {[%emt 00:02:21]} 33. Reg3 {[%clk 00:27:11]} {[%emt
00:01:31]} g6 {[%clk 00:22:43]} {[%emt 00:03:10]} 34. Qa2 {[%clk 00:26:10]}
{[%emt 00:01:31]} Qd1+ {[%clk 00:20:47]} {[%emt 00:02:25]} 35. Kh2 {[%clk
00:26:28]} {[%emt 00:00:11]} Qd7 {[%clk 00:19:55]} {[%emt 00:01:22]} 36. Qc2
{[%clk 00:26:13]} {[%emt 00:00:45]} Qf7 {[%clk 00:19:10]} {[%emt 00:01:15]} 37.
Qc3 {[%clk 00:21:07]} {[%emt 00:05:37]} b6 {[%clk 00:18:14]} {[%emt 00:01:26]}
38. Rd4 {[%clk 00:19:53]} {[%emt 00:01:44]} Rxf2 {[%clk 00:15:47]} {[%emt
00:02:58]} 39. Rd8 {[%clk 00:20:00]} {[%emt 00:00:22]} Qg7 {[%clk 00:13:29]}
{[%emt 00:02:47]} 40. Qxg7+ {[%clk 00:16:58]} {[%emt 00:03:34]} Kxg7 {[%clk
00:13:38]} {[%emt 00:00:20]} 41. Rd7+ {[%clk 00:17:02]} {[%emt 00:00:27]} Rf7
{[%clk 00:13:24]} {[%emt 00:00:45]} 42. Rgd3 {[%clk 00:17:10]} {[%emt
00:00:21]} Nc4 {[%clk 00:11:15]} {[%emt 00:02:39]} 43. Rxf7+ {[%clk 00:14:04]}
{[%emt 00:03:36]} Kxf7 {[%clk 00:11:02]} {[%emt 00:00:42]} 44. Rc3 {[%clk
00:14:23]} {[%emt 00:00:12]} Nd6 {[%clk 00:10:56]} {[%emt 00:00:35]} 45. Rxc7+
{[%clk 00:14:18]} {[%emt 00:00:34]} Kg8 {[%clk 00:10:21]} {[%emt 00:01:06]} 46.
a4 {[%clk 00:14:33]} {[%emt 00:00:16]} h5 {[%clk 00:09:43]} {[%emt 00:01:06]}
47. Rxa7 {[%clk 00:14:11]} {[%emt 00:00:53]} Kf8 {[%clk 00:09:37]} {[%emt
00:00:35]} 48. a5 {[%clk 00:12:58]} {[%emt 00:01:43]} bxa5 {[%clk 00:08:58]}
{[%emt 00:01:09]} 49. b6 {[%clk 00:13:03]} {[%emt 00:00:25]} Ke8 {[%clk
00:08:52]} {[%emt 00:00:35]} 50. b7 {[%clk 00:13:21]} {[%emt 00:00:11]} Nxb7
{[%clk 00:09:17]} {[%emt 00:00:06]} 51. Rxb7 {[%clk 00:13:47]} {[%emt
00:00:04]} Kd8 {[%clk 00:09:32]} {[%emt 00:00:15]} 52. Kg3 {[%clk 00:13:57]}
{[%emt 00:00:20]} a4 {[%clk 00:09:40]} {[%emt 00:00:22]} 53. Kf4 {[%clk
00:14:21]} {[%emt 00:00:06]} a3 {[%clk 00:10:05]} {[%emt 00:00:06]} 54. Kg5
{[%clk 00:14:35]} {[%emt 00:00:03]} a2 {[%clk 00:10:34]} 55. Ra7 {[%clk
00:14:59]} {[%emt 00:00:18]} h4 {[%clk 00:10:44]} 56. Kxh4 {[%clk 00:15:10]}
{[%emt 00:00:39]} a1=Q {[%clk 00:10:52]} {[%emt 00:00:22]} 57. Rxa1 {[%clk
00:15:37]} {[%emt 00:00:05]} g5+ {[%clk 00:11:09]} {[%emt 00:00:13]} 58. Kxg5
{[%clk 00:16:01]} {[%emt 00:00:05]} Kd7 {[%clk 00:11:28]} {[%emt 00:00:11]} 59.
Rc1 {[%clk 00:16:24]} {[%emt 00:00:06]} Kd6 {[%clk 00:11:35]} {[%emt 00:00:24]}
60. Rc4 {[%clk 00:16:47]} {[%emt 00:00:06]} Kd5 {[%clk 00:11:51]} {[%emt
00:00:15]} 61. Rf4 {[%clk 00:16:58]} {[%emt 00:00:19]} Ke5 {[%clk 00:12:02]}
{[%emt 00:00:19]} 62. g4 {[%clk 00:17:11]} {[%emt 00:00:17]} Ke6 {[%clk
00:12:11]} {[%emt 00:00:22]} 63. Rf5 {[%clk 00:17:36]} {[%emt 00:00:05]} Kd6
{[%clk 00:12:11]} {[%emt 00:00:29]} 64. Kf6 {[%clk 00:17:53]} {[%emt 00:00:13]}
Kd7 {[%clk 00:12:26]} {[%emt 00:00:15]} 65. Rd5+ {[%clk 00:18:08]} {[%emt
00:00:15]} Kc6 {[%clk 00:12:18]} {[%emt 00:00:39]} 66. Ke6 {[%clk 00:18:32]}
{[%emt 00:00:06]} Kc7 {[%clk 00:12:34]} {[%emt 00:00:13]} 67. Rd6 {[%clk
00:18:57]} {[%emt 00:00:04]} Kb7 {[%clk 00:12:33]} {[%emt 00:00:31]} 68. Kd7
{[%clk 00:19:21]} {[%emt 00:00:07]} Kb8 {[%clk 00:12:24]} {[%emt 00:00:39]} 69.
Rb6+ {[%clk 00:19:44]} {[%emt 00:00:07]} Ka7 {[%clk 00:12:35]} {[%emt
00:00:19]} 70. Kc7 {[%clk 00:20:08]} {[%emt 00:00:06]} Ka8 {[%clk 00:12:44]}
{[%emt 00:00:21]} 71. Ra6# {[%clk 00:20:30]} {[%emt 00:00:08]} 1-0

[Event "Deutsche Ländermeisterschaft 2022"]
[Site "Wiesbaden GER"]
[Date "2022.10.01"]
[Round "1"]
[White "Bornholdt, Joa Max"]
[Black "Holinka, Henning"]
[Result "1/2-1/2"]
[Termination "normal"]
[Board "4.1"]
[WhiteElo "2196"]
[BlackElo "2245"]
[WhiteClock "00:09:52"]
[BlackClock "00:02:58"]
[WhiteTeam "Schleswig-Holstein"]
[BlackTeam "Hamburg"]
[PlyCount "98"]
[WhiteFideId "16253477"]
[BlackFideId "12967084"]
[EventCountry "GER"]
[EventRounds "7"]
[EventType "team-swiss"]
[EventDate "2022.09.30"]

1. d4 {[%clk 01:30:35]} {[%emt 00:00:24]} d5 {[%clk 01:30:53]} {[%emt
00:00:07]} 2. c4 {[%clk 01:30:29]} {[%emt 00:00:37]} e6 {[%clk 01:31:15]}
{[%emt 00:00:07]} 3. Nc3 {[%clk 01:30:22]} {[%emt 00:00:36]} a6 {[%clk
01:30:35]} {[%emt 00:01:11]} 4. cxd5 {[%clk 01:30:28]} {[%emt 00:00:24]} exd5
{[%clk 01:30:57]} {[%emt 00:00:08]} 5. Nf3 {[%clk 01:30:27]} {[%emt 00:00:32]}
c6 {[%clk 01:27:45]} {[%emt 00:03:41]} 6. Qc2 {[%clk 01:30:05]} {[%emt
00:00:52]} Nf6 {[%clk 01:25:40]} {[%emt 00:02:35]} 7. Bg5 {[%clk 01:27:50]}
{[%emt 00:02:45]} Be6 {[%clk 01:24:55]} {[%emt 00:01:15]} 8. e3 {[%clk
01:27:04]} {[%emt 00:01:16]} h6 {[%clk 01:24:29]} {[%emt 00:00:57]} 9. Bh4
{[%clk 01:26:20]} {[%emt 00:01:14]} Bd6 {[%clk 01:21:38]} {[%emt 00:03:21]} 10.
Bd3 {[%clk 01:21:44]} {[%emt 00:05:07]} Nbd7 {[%clk 01:18:18]} {[%emt
00:03:49]} 11. O-O {[%clk 01:19:48]} {[%emt 00:02:26]} Qc7 {[%clk 01:17:34]}
{[%emt 00:01:13]} 12. Bg3 {[%clk 01:08:48]} {[%emt 00:11:31]} Bxg3 {[%clk
01:11:21]} {[%emt 00:06:43]} 13. hxg3 {[%clk 01:08:05]} {[%emt 00:01:13]} O-O
{[%clk 01:10:06]} {[%emt 00:01:44]} 14. Rfc1 {[%clk 01:03:46]} {[%emt
00:04:49]} Rfe8 {[%clk 00:53:05]} {[%emt 00:17:31]} 15. b4 {[%clk 00:57:09]}
{[%emt 00:07:07]} Qd6 {[%clk 00:47:06]} {[%emt 00:06:28]} 16. Na4 {[%clk
00:39:57]} {[%emt 00:17:42]} Re7 {[%clk 00:31:25]} {[%emt 00:16:12]} 17. Nc5
{[%clk 00:37:54]} {[%emt 00:02:31]} Nb6 {[%clk 00:23:54]} {[%emt 00:08:00]} 18.
a4 {[%clk 00:31:15]} {[%emt 00:07:10]} Rc7 {[%clk 00:16:46]} {[%emt 00:07:39]}
19. Rab1 {[%clk 00:27:14]} {[%emt 00:04:31]} Qe7 {[%clk 00:13:49]} {[%emt
00:03:27]} 20. Rb3 {[%clk 00:17:49]} {[%emt 00:09:55]} Ne8 {[%clk 00:09:14]}
{[%emt 00:05:05]} 21. Rc3 {[%clk 00:15:19]} {[%emt 00:03:00]} Nd6 {[%clk
00:07:43]} {[%emt 00:02:01]} 22. Ne5 {[%clk 00:15:07]} {[%emt 00:00:42]} a5
{[%clk 00:03:27]} {[%emt 00:04:47]} 23. Nxe6 {[%clk 00:12:51]} {[%emt
00:02:46]} Qxe6 {[%clk 00:03:31]} {[%emt 00:00:27]} 24. b5 {[%clk 00:13:16]}
{[%emt 00:00:05]} c5 {[%clk 00:01:55]} {[%emt 00:02:06]} 25. Rxc5 {[%clk
00:03:41]} {[%emt 00:10:04]} Rxc5 {[%clk 00:02:18]} {[%emt 00:00:07]} 26. dxc5
{[%clk 00:03:57]} {[%emt 00:00:14]} Qxe5 {[%clk 00:02:33]} {[%emt 00:00:15]}
27. cxb6 {[%clk 00:04:25]} {[%emt 00:00:02]} g6 {[%clk 00:01:19]} {[%emt
00:01:44]} 28. Qc3 {[%clk 00:02:22]} {[%emt 00:02:32]} Qxc3 {[%clk 00:00:34]}
{[%emt 00:01:16]} 29. Rxc3 {[%clk 00:02:51]} {[%emt 00:00:01]} Nc8 {[%clk
00:00:44]} {[%emt 00:00:20]} 30. Bc2 {[%clk 00:01:17]} {[%emt 00:02:03]} Nxb6
{[%clk 00:01:03]} {[%emt 00:00:11]} 31. Bb3 {[%clk 00:01:46]} {[%emt 00:00:01]}
Rc8 {[%clk 00:00:34]} {[%emt 00:00:59]} 32. Rxc8+ {[%clk 00:02:03]} {[%emt
00:00:13]} Nxc8 {[%clk 00:01:02]} {[%emt 00:00:02]} 33. Bxd5 {[%clk 00:02:20]}
{[%emt 00:00:13]} b6 {[%clk 00:01:10]} {[%emt 00:00:22]} 34. Kf1 {[%clk
00:01:36]} {[%emt 00:01:13]} Kf8 {[%clk 00:01:25]} {[%emt 00:00:15]} 35. Ke2
{[%clk 00:01:58]} {[%emt 00:00:09]} Ke7 {[%clk 00:01:11]} {[%emt 00:00:44]} 36.
Kd3 {[%clk 00:01:26]} {[%emt 00:01:02]} f6 {[%clk 00:00:44]} {[%emt 00:00:57]}
37. Kd4 {[%clk 00:01:20]} {[%emt 00:00:36]} Kd6 {[%clk 00:01:00]} {[%emt
00:00:13]} 38. f4 {[%clk 00:01:04]} {[%emt 00:00:47]} Ne7 {[%clk 00:01:22]}
{[%emt 00:00:08]} 39. Be4 {[%clk 00:00:53]} {[%emt 00:00:42]} g5 {[%clk
00:00:32]} {[%emt 00:01:20]} 40. Bb1 {[%clk 00:00:46]} {[%emt 00:00:37]} Nd5
{[%clk 00:00:31]} {[%emt 00:00:31]} 41. Ba2 {[%clk 00:00:49]} {[%emt 00:00:27]}
Ne7 {[%clk 00:23:39]} {[%emt 00:07:22]} 42. e4 {[%clk 00:28:26]} {[%emt
00:02:53]} f5 {[%clk 00:10:42]} {[%emt 00:13:26]} 43. e5+ {[%clk 00:18:27]}
{[%emt 00:10:29]} Kd7 {[%clk 00:10:46]} {[%emt 00:00:26]} 44. Bb1 {[%clk
00:18:09]} {[%emt 00:00:49]} g4 {[%clk 00:06:28]} {[%emt 00:04:48]} 45. Bc2
{[%clk 00:14:53]} {[%emt 00:03:45]} Ng6 {[%clk 00:03:31]} {[%emt 00:04:47]} 46.
Bb3 {[%clk 00:15:09]} Ne7 {[%clk 00:03:45]} {[%emt 00:01:10]} 47. Bd5 {[%clk
00:13:31]} {[%emt 00:02:07]} Nc8 {[%clk 00:02:58]} {[%emt 00:01:17]} 48. Bc6+
{[%clk 00:12:34]} {[%emt 00:01:28]} Ne7 {[%clk 00:03:26]} {[%emt 00:01:50]} 49.
Bb7 {[%clk 00:09:52]} Ng6 {[%clk 00:02:58]} {[%emt 00:07:01]} 1/2-1/2